[Event "Titled Tuesday intern op 29th Aug Early"]
[Site "Chess.com INT"]
[Date "2023.08.29"]
[Round "3"]
[White "Kim, Yoon Young"]
[Black "Zeman, Matyas"]
[Result "1-0"]
[WhiteElo "2304"]
[BlackElo "2308"]
[PlyCount "55"]
[EventDate "2023.08.29"]
[EventType "swiss (blitz)"]
[EventRounds "11"]
[EventCountry "USA"]
[SourceTitle "EXT 2024"]
[Source "ChessBase"]
[SourceDate "2023.10.10"]
[SourceVersion "1"]
[SourceVersionDate "2023.10.10"]
[SourceQuality "1"]

1. d4 d5 2. c4 e6 3. Nf3 Nf6 4. g3 Bb4+ 5. Nc3 Be7 6. Bg2 c6 7. 0-0 Nbd7 8. Qd3 Ne4 9. Nxe4 dxe4 10. Qxe4 Nf6 11. Qc2 0-0 12. Rd1 Qc7 13. Bf4 Bd6 14. Bxd6 Qxd6 15. e4 Nd7 16. e5 Qe7 17. Qe4 Nb6 18. Bf1 h6 19. Bd3 g6 20. h4 Bd7 21. h5 Be8 22. Qe3 Kh7 23. Nh2 Kg7 24. Ng4 Qg5 25. Qe4 Qxh5 26. Nf6 Qf5 27. Qe3 Qg5 28. f4 1-0

[Event "Titled Tuesday intern op 29th Aug Late"]
[Site "Chess.com INT"]
[Date "2023.08.29"]
[Round "1"]
[White "Pham, Le Thao Nguyen"]
[Black "Zeman, Matyas"]
[Result "1/2-1/2"]
[WhiteElo "2370"]
[BlackElo "2308"]
[PlyCount "111"]
[EventDate "2023.08.29"]
[EventType "swiss (blitz)"]
[EventRounds "11"]
[EventCountry "USA"]
[SourceTitle "EXT 2024"]
[Source "ChessBase"]
[SourceDate "2023.10.10"]
[SourceVersion "1"]
[SourceVersionDate "2023.10.10"]
[SourceQuality "1"]

1. d4 Nf6 2. c4 e6 3. Nc3 d5 4. Bg5 Be7 5. e3 0-0 6. Qc2 h6 7. Bh4 b6 8. cxd5 Nxd5 9. Bxe7 Qxe7 10. Nxd5 exd5 11. Rc1 c6 12. Nf3 Bb7 13. Bd3 Nd7 14. 0-0 Rac8 15. b3 c5 16. Qe2 Rc7 17. Bb1 Nf6 18. Ne5 cxd4 19. exd4 Rxc1 20. Rxc1 Rc8 21. Rxc8+ Bxc8 22. Qc2 Be6 23. f3 Qb4 24. Qd1 Qc3 25. Kf2 Qb2+ 26. Kg1 Nd7 27. Nc6 a5 28. Qc2 Qxc2 29. Bxc2 f6 30. Kf2 Kf7 31. Ke3 g5 32. g3 f5 33. Ne5+ Nxe5 34. dxe5 Ke7 35. f4 Kd7 36. Kd4 Kc6 37. fxg5 hxg5 38. h4 f4 39. hxg5 fxg3 40. Ke3 Kc5 41. Kf3 g2 42. Kxg2 Kd4 43. Bh7 Kxe5 44. Kf3 d4 45. Ke2 Kf4 46. g6 Ke5 47. g7 Kd5 48. Kd3 Kc5 49. g8Q Bxg8 50. Bxg8 Kb4 51. a4 b5 52. axb5 Kxb5 53. Kc2 a4 54. bxa4+ Kxa4 55. Kd3 Ka3 56. Kxd4 1/2-1/2

[Event "Titled Tuesday intern op 29th Aug Early"]
[Site "Chess.com INT"]
[Date "2023.08.29"]
[Round "6"]
[White "Zeman, Matyas"]
[Black "Guzman Lozano, Campo Elias"]
[Result "0-1"]
[WhiteElo "2308"]
[BlackElo "1924"]
[PlyCount "96"]
[EventDate "2023.08.29"]
[EventType "swiss (blitz)"]
[EventRounds "11"]
[EventCountry "USA"]
[SourceTitle "EXT 2024"]
[Source "ChessBase"]
[SourceDate "2023.10.10"]
[SourceVersion "1"]
[SourceVersionDate "2023.10.10"]
[SourceQuality "1"]

1. e4 c5 2. Nc3 Nc6 3. f4 e6 4. Nf3 a6 5. d3 Nf6 6. g3 d5 7. e5 Ng4 8. Bg2 g6 9. 0-0 Be7 10. h3 Nh6 11. Ne2 Nf5 12. c3 0-0 13. d4 cxd4 14. cxd4 Qb6 15. g4 Nfxd4 16. Nexd4 Bc5 17. Be3 Qxb2 18. Qc1 Bxd4 19. Bxd4 Qb5 20. Bc5 Rd8 21. Nd4 Qa4 22. Qe3 Bd7 23. Bf3 Rdc8 24. Rfc1 Na5 25. Bd1 Nc4 26. Bxa4 Nxe3 27. Bxd7 Rc7 28. Nxe6 Rxd7 29. Bxe3 fxe6 30. Bd4 Rf8 31. Rf1 Rc7 32. Kg2 Rc4 33. Rad1 Rfc8 34. Rd2 Ra4 35. Rff2 Rcc4 36. Be3 Re4 37. Bb6 g5 38. fxg5 Rxe5 39. Bc7 Rxg5 40. Rf6 Re4 41. Rdf2 h5 42. Rf8+ Kh7 43. R2f7+ Rg7 44. Bg3 hxg4 45. hxg4 Rexg4 46. Rxg7+ Kxg7 47. Rb8 Rb4 48. Rxb7+ Rxb7 0-1

[Event "Titled Tuesday intern op 29th Aug Early"]
[Site "Chess.com INT"]
[Date "2023.08.29"]
[Round "8"]
[White "Zeman, Matyas"]
[Black "Hartikainen, Jarmo"]
[Result "1/2-1/2"]
[WhiteElo "2308"]
[BlackElo "2108"]
[PlyCount "103"]
[EventDate "2023.08.29"]
[EventType "swiss (blitz)"]
[EventRounds "11"]
[EventCountry "USA"]
[SourceTitle "EXT 2024"]
[Source "ChessBase"]
[SourceDate "2023.10.10"]
[SourceVersion "1"]
[SourceVersionDate "2023.10.10"]
[SourceQuality "1"]

1. e4 c5 2. Nc3 e6 3. Nf3 d5 4. d4 dxe4 5. Nxe4 Nf6 6. Bg5 Be7 7. Nxf6+ Bxf6 8. Bxf6 Qxf6 9. Bb5+ Bd7 10. Bxd7+ Nxd7 11. 0-0 0-0 12. c3 Rfd8 13. Qe2 cxd4 14. Nxd4 a6 15. Qf3 Qxf3 16. Nxf3 Nb6 17. Rfd1 Kf8 18. Kf1 Ke7 19. Ke2 Rxd1 20. Rxd1 Rd8 21. Rxd8 Kxd8 22. Kd3 Kd7 23. Kd4 f6 24. Kc5 Na4+ 25. Kb4 Nxb2 26. Ne1 Kc6 27. Kb3 Nd1 28. f3 Ne3 29. c4 Kc5 30. Nd3+ Kd4 31. Nf4 Ke5 32. g3 g5 33. Ne2 h5 34. Kb4 b6 35. c5 Nd5+ 36. Kc4 Ne3+ 37. Kb4 Nc2+ 38. Kc4 bxc5 39. Kxc5 h4 40. Kb6 hxg3 41. hxg3 f5 42. Kxa6 Nb4+ 43. Kb5 Nxa2 44. Kc4 g4 45. fxg4 fxg4 46. Kb3 Ke4 47. Kxa2 Kf3 48. Nd4+ Kxg3 49. Nxe6 Kf2 50. Ng5 g3 51. Ne4+ Kf3 52. Nxg3 1/2-1/2

[Event "Titled Tuesday intern op 29th Aug Early"]
[Site "Chess.com INT"]
[Date "2023.08.29"]
[Round "1"]
[White "Zeman, Matyas"]
[Black "Lobanov, Sergei"]
[Result "0-1"]
[WhiteElo "2308"]
[BlackElo "2520"]
[PlyCount "44"]
[EventDate "2023.08.29"]
[EventType "swiss (blitz)"]
[EventRounds "11"]
[EventCountry "USA"]
[SourceTitle "EXT 2024"]
[Source "ChessBase"]
[SourceDate "2023.10.10"]
[SourceVersion "1"]
[SourceVersionDate "2023.10.10"]
[SourceQuality "1"]

1. e4 e5 2. Nf3 Nc6 3. Bc4 Nf6 4. d3 Bc5 5. 0-0 d6 6. Re1 0-0 7. c3 a5 8. a4 Ba7 9. Nbd2 Ng4 10. Re2 Kh8 11. h3 Nh6 12. Nf1 f5 13. Bg5 Qe8 14. Ne3 Bxe3 15. Bxe3 f4 16. Bc1 Qh5 17. Nh2 Bxh3 18. gxh3 f3 19. Re3 Qg6+ 20. Kf1 Qg2+ 21. Ke1 Qxh2 22. Kd2 Qxf2+ 0-1

[Event "Titled Tuesday intern op 29th Aug Late"]
[Site "Chess.com INT"]
[Date "2023.08.29"]
[Round "7"]
[White "Zeman, Matyas"]
[Black "Taboas Rodriguez, Daniel"]
[Result "1-0"]
[WhiteElo "2308"]
[BlackElo "2368"]
[PlyCount "59"]
[EventDate "2023.08.29"]
[EventType "swiss (blitz)"]
[EventRounds "11"]
[EventCountry "USA"]
[SourceTitle "EXT 2024"]
[Source "ChessBase"]
[SourceDate "2023.10.10"]
[SourceVersion "1"]
[SourceVersionDate "2023.10.10"]
[SourceQuality "1"]

1. e4 e5 2. Nf3 Nc6 3. Bc4 Bc5 4. d3 Nf6 5. Bg5 h6 6. Bh4 d6 7. Nc3 Be6 8. Nd5 g5 9. Nxg5 Bxd5 10. exd5 hxg5 11. Bxg5 Rg8 12. h4 Nb8 13. Qf3 Nbd7 14. Bb5 Rg6 15. 0-0-0 a6 16. Bxd7+ Kxd7 17. Qf5+ Ke7 18. Rde1 Qd7 19. g4 Rag8 20. f4 Kf8 21. fxe5 dxe5 22. Qxe5 Nxg4 23. Qc3 Bd6 24. Kb1 f6 25. Bc1 Qf5 26. h5 R6g7 27. Rhf1 Qxd5 28. Bh6 Nxh6 29. Qxf6+ Nf7 30. Qd8# 1-0

[Event "Titled Tuesday intern op 01st Aug Early"]
[Site "Chess.com INT"]
[Date "2023.08.01"]
[Round "2"]
[White "Da Matta, Eduardo Cesar"]
[Black "Zeman, Matyas"]
[Result "0-1"]
[WhiteElo "2047"]
[BlackElo "2308"]
[PlyCount "77"]
[EventDate "2023.08.01"]
[EventType "swiss (blitz)"]
[EventRounds "11"]
[EventCountry "USA"]
[SourceTitle "EXT 2024"]
[Source "ChessBase"]
[SourceDate "2023.10.10"]
[SourceVersion "1"]
[SourceVersionDate "2023.10.10"]
[SourceQuality "1"]

1. d4 Nf6 2. c4 e6 3. Nc3 d5 4. cxd5 Nxd5 5. e4 Nxc3 6. bxc3 c5 7. Bc4 cxd4 8. cxd4 Bb4+ 9. Bd2 Qxd4 10. Bxb4 Qxc4 11. Qd6 Nc6 12. a3 Nxb4 13. Qxb4 Qxb4+ 14. axb4 Bd7 15. Nf3 f6 16. 0-0 e5 17. Nd2 Ke7 18. Rfd1 Be6 19. Nb1 Rhc8 20. Na3 a6 21. b5 Rc5 22. bxa6 Rxa6 23. Rdb1 b6 24. h3 Rca5 25. Nc2 Rxa1 26. Rxa1 Rxa1+ 27. Nxa1 Kd6 28. Nc2 Kc5 29. Kf1 b5 30. Ke2 b4 31. Kd2 b3 32. Ne3 Kd4 33. f3 b2 34. Nc2+ Kc4 35. Na3+ Kb3 36. Nb1 Bc4 37. g3 Bf1 38. h4 Bg2 39. f4 0-1

[Event "Titled Tuesday intern op 23rd May Late"]
[Site "Chess.com INT"]
[Date "2023.05.23"]
[Round "1"]
[White "Bryakin, Mikhail"]
[Black "Zeman, Matyas"]
[Result "1-0"]
[WhiteElo "2455"]
[BlackElo "2308"]
[PlyCount "73"]
[EventDate "2023.05.23"]
[EventType "swiss (blitz)"]
[EventRounds "11"]
[EventCountry "USA"]
[SourceTitle "EXT 2024"]
[Source "ChessBase"]
[SourceDate "2023.10.10"]
[SourceVersion "1"]
[SourceVersionDate "2023.10.10"]
[SourceQuality "1"]

1. e4 e6 2. d4 d5 3. Nc3 Nf6 4. Bg5 Bb4 5. e5 h6 6. Bd2 Bxc3 7. bxc3 Ne4 8. Bd3 Nxd2 9. Qxd2 c5 10. Nf3 Qa5 11. a4 Nc6 12. h4 Bd7 13. h5 0-0 14. Rh3 cxd4 15. cxd4 Qxd2+ 16. Kxd2 Rac8 17. Rhh1 Na5 18. Rhb1 b6 19. g4 Rc7 20. g5 Rfc8 21. gxh6 gxh6 22. Rg1+ Kf8 23. Nh2 Nc4+ 24. Ke2 Nb2 25. a5 Nxd3 26. cxd3 Rc2+ 27. Ke3 R8c3 28. Ng4 Bb5 29. Rgd1 Kg7 30. axb6 axb6 31. Rab1 Ba4 32. Rxb6 Ra2 33. Rd2 Raa3 34. Rb8 Bc2 35. Nf6 Rxd3+ 36. Rxd3 Rxd3+ 37. Ke2 1-0

[Event "Titled Tuesday intern op 18th Apr Late"]
[Site "Chess.com INT"]
[Date "2023.04.18"]
[Round "8"]
[White "Zeman, Matyas"]
[Black "Loiacono, Leonardo"]
[Result "0-1"]
[WhiteElo "2296"]
[BlackElo "2303"]
[PlyCount "76"]
[EventDate "2023.04.18"]
[EventType "swiss (blitz)"]
[EventRounds "11"]
[EventCountry "USA"]
[SourceTitle "EXT 2024"]
[Source "ChessBase"]
[SourceDate "2023.10.10"]
[SourceVersion "1"]
[SourceVersionDate "2023.10.10"]
[SourceQuality "1"]

1. d4 g6 2. e4 Bg7 3. Nc3 d6 4. Bg5 c6 5. Qd2 b5 6. a3 Nd7 7. h4 h6 8. Be3 h5 9. Nh3 Nb6 10. Ng5 Nf6 11. f3 Rb8 12. Be2 Nc4 13. Bxc4 bxc4 14. Rb1 0-0 15. 0-0 Qc7 16. b4 cxb3 17. cxb3 Nh7 18. Nxh7 Kxh7 19. b4 a5 20. b5 Bd7 21. bxc6 Bxc6 22. Rfc1 Qd7 23. d5 Ba8 24. Bd4 Bh6 25. Be3 Bg7 26. a4 Rfc8 27. Nb5 Bb7 28. Qxa5 Ra8 29. Qb4 Ba6 30. Nd4 Bd3 31. Ra1 Rxc1+ 32. Bxc1 e5 33. Nc6 f5 34. exf5 Qxf5 35. Ra3 e4 36. fxe4 Bxe4 37. Ne7 Qg4 38. Bg5 Qxg2# 0-1

[Event "Titled Tuesday intern op 11th Apr Early"]
[Site "Chess.com INT"]
[Date "2023.04.11"]
[Round "1"]
[White "Zeman, Matyas"]
[Black "Averjanov, Alexey"]
[Result "0-1"]
[WhiteElo "2296"]
[BlackElo "2399"]
[PlyCount "118"]
[EventDate "2023.04.11"]
[EventType "swiss (blitz)"]
[EventRounds "11"]
[EventCountry "USA"]
[SourceTitle "CBM 213 Extra"]
[Source "ChessBase"]
[SourceDate "2023.05.31"]
[SourceVersion "1"]
[SourceVersionDate "2023.05.31"]
[SourceQuality "1"]

1. d4 d5 2. Bf4 Nf6 3. e3 e6 4. Nf3 c5 5. Nbd2 Bd6 6. Bg3 Qc7 7. dxc5 Qxc5 8. Rc1 0-0 9. c4 Bxg3 10. hxg3 Nc6 11. a3 Rd8 12. cxd5 Qxd5 13. Bc4 Qd6 14. Qc2 h6 15. 0-0 Bd7 16. Rfd1 Qe7 17. Ne4 Nxe4 18. Qxe4 Rac8 19. g4 Be8 20. Bd3 g6 21. Bb1 Qf6 22. Rxd8 Rxd8 23. Qc2 Ne5 24. Nxe5 Qxe5 25. b4 Bc6 26. Rd1 Rd5 27. Rxd5 Qxd5 28. f3 Kf8 29. Qd3 Qe5 30. Kf2 Qb2+ 31. Kg3 Qe5+ 32. Kf2 Ke7 33. Qd4 Qxd4 34. exd4 Kd6 35. Ke3 b6 36. Be4 Bb5 37. g3 g5 38. f4 f6 39. Bf3 a5 40. Kd2 Bc4 41. Kc3 Bd5 42. Be2 Kc6 43. Kd2 Bg2 44. Bc4 Kd6 45. Ke3 Bc6 46. Bb3 axb4 47. axb4 Bd5 48. Ba4 Bc6 49. Bb3 Bb5 50. Bc2 Bc4 51. Be4 Bb3 52. Bf3 Bc2 53. Be2 Kd5 54. fxg5 hxg5 55. Bf3+ Kc4 56. Be4 Bxe4 57. Kxe4 Kxb4 58. d5 exd5+ 59. Kf5 d4 0-1

[Event "Titled Tuesday intern op 11th Apr Early"]
[Site "Chess.com INT"]
[Date "2023.04.11"]
[Round "3"]
[White "Zeman, Matyas"]
[Black "Horobetz, Graham"]
[Result "0-1"]
[WhiteElo "2296"]
[BlackElo "2140"]
[PlyCount "84"]
[EventDate "2023.04.11"]
[EventType "swiss (blitz)"]
[EventRounds "11"]
[EventCountry "USA"]
[SourceTitle "CBM 213 Extra"]
[Source "ChessBase"]
[SourceDate "2023.05.31"]
[SourceVersion "1"]
[SourceVersionDate "2023.05.31"]
[SourceQuality "1"]

1. d4 Nf6 2. Nf3 d6 3. Nbd2 d5 4. e3 g6 5. b4 Bg7 6. c4 c6 7. a4 0-0 8. Bb2 Bg4 9. Be2 Nbd7 10. 0-0 Re8 11. Qb3 Ne4 12. Rfd1 Nxd2 13. Rxd2 dxc4 14. Qxc4 e5 15. dxe5 Bxf3 16. Bxf3 Nxe5 17. Rxd8 Nxc4 18. Rxa8 Rxa8 19. Bxg7 Kxg7 20. Rd1 a5 21. b5 cxb5 22. axb5 a4 23. Bxb7 Ra5 24. Bd5 Nb2 25. Rb1 Rxb5 26. Bc6 Rb4 27. Kf1 a3 28. Ra1 Rc4 29. Bd5 Rc3 30. Ke2 f5 31. Be6 Kf6 32. Bg8 h6 33. Kd2 Rc8 34. Bb3 Ra8 35. Kc3 g5 36. f4 gxf4 37. exf4 Rc8+ 38. Kb4 Nd3+ 39. Kxa3 Ra8+ 40. Ba4 Nxf4 41. g3 Nd3 42. Rd1 Rxa4+ 0-1

[Event "Titled Tuesday intern op 04th Apr Late"]
[Site "Chess.com INT"]
[Date "2023.04.04"]
[Round "4"]
[White "Rodshtein, Maxim"]
[Black "Zeman, Matyas"]
[Result "1-0"]
[WhiteElo "2606"]
[BlackElo "2296"]
[PlyCount "103"]
[EventDate "2023.04.04"]
[EventType "swiss (blitz)"]
[EventRounds "11"]
[EventCountry "USA"]
[SourceTitle "EXT 2024"]
[Source "ChessBase"]
[SourceDate "2023.10.10"]
[SourceVersion "1"]
[SourceVersionDate "2023.10.10"]
[SourceQuality "1"]

1. e4 c5 2. Ne2 Nc6 3. Nbc3 g6 4. d4 cxd4 5. Nxd4 Bg7 6. Be3 Nf6 7. Be2 0-0 8. 0-0 d5 9. exd5 Nxd5 10. Nxd5 Qxd5 11. Bf3 Qc4 12. Nxc6 bxc6 13. c3 Be6 14. Re1 Bd5 15. Be2 Qe4 16. Bf1 Qh4 17. Bc5 Rfe8 18. g3 Qf6 19. Qe2 e5 20. Qe3 a5 21. b3 Qf3 22. Qxf3 Bxf3 23. Be2 Bxe2 24. Rxe2 e4 25. Rc1 f5 26. c4 Kf7 27. Kg2 Red8 28. f3 exf3+ 29. Kxf3 Re8 30. Rce1 Rxe2 31. Rxe2 Bf6 32. Rd2 Rd8 33. Rxd8 Bxd8 34. Ke3 Ke6 35. Kd3 g5 36. b4 axb4 37. Bxb4 Bb6 38. a4 h5 39. Bd2 Ke5 40. Bxg5 Bg1 41. h4 Bb6 42. Bd2 c5 43. a5 Ba7 44. a6 Ke6 45. Bf4 Kd7 46. Ke3 Kc6 47. Be5 Kb6 48. Kf4 Kxa6 49. Kxf5 Ka5 50. g4 Kb4 51. gxh5 Kxc4 52. h6 1-0

[Event "CZE-chT2A 2223"]
[Site "Czech Republic"]
[Date "2023.02.05"]
[Round "8.2"]
[White "Zeman, Matyas"]
[Black "Karas, Marek"]
[Result "1/2-1/2"]
[WhiteElo "2296"]
[BlackElo "2243"]
[PlyCount "42"]
[EventDate "2022.10.16"]
[EventType "team-tourn"]
[EventRounds "11"]
[EventCountry "CZE"]
[SourceTitle "EXT 2024"]
[Source "ChessBase"]
[SourceDate "2023.10.10"]
[SourceVersion "1"]
[SourceVersionDate "2023.10.10"]
[SourceQuality "1"]
[WhiteTeam "Tabor"]
[BlackTeam "Budejovice"]
[WhiteTeamCountry "CZE"]
[BlackTeamCountry "CZE"]

1. d4 Nf6 2. Nf3 d6 3. Nbd2 Bf5 4. Nh4 Bc8 5. Nhf3 Bf5 6. e3 g6 7. Bd3 Bxd3 8. cxd3 c6 9. 0-0 Bg7 10. b4 a5 11. bxa5 Qxa5 12. Bb2 Qa6 13. Qb3 0-0 14. a4 Nbd7 15. a5 b6 16. axb6 Qxb6 17. Qc2 c5 18. dxc5 Qxc5 19. Qxc5 Nxc5 20. Bxf6 Bxf6 21. d4 Nd7 1/2-1/2

[Event "Titled Tuesday intern op 31st Jan Late"]
[Site "Chess.com INT"]
[Date "2023.01.31"]
[Round "1"]
[White "Zeman, Matyas"]
[Black "Bilych, Olexiy"]
[Result "1/2-1/2"]
[WhiteElo "2294"]
[BlackElo "2416"]
[PlyCount "131"]
[EventDate "2023.01.31"]
[EventType "swiss (blitz)"]
[EventRounds "11"]
[EventCountry "USA"]
[SourceTitle "CBM 212 Extra"]
[Source "ChessBase"]
[SourceDate "2023.03.31"]
[SourceVersion "1"]
[SourceVersionDate "2023.03.31"]
[SourceQuality "1"]

1. d4 d5 2. Bf4 Nf6 3. Nc3 c5 4. e4 Nxe4 5. Nxe4 dxe4 6. dxc5 Qa5+ 7. c3 Qxc5 8. Qa4+ Nc6 9. Qxe4 g6 10. Nf3 Bg7 11. Qe3 Qxe3+ 12. Bxe3 Be6 13. Be2 0-0 14. 0-0 Rab8 15. Rfd1 Rfc8 16. Nd4 Nxd4 17. Bxd4 Bxd4 18. Rxd4 b5 19. a3 a5 20. Bf3 Kf8 21. h4 h6 22. Rad1 Kg7 23. Re1 Rd8 24. Red1 Rdc8 25. Re1 Rc7 26. Be4 Rc4 27. Rxc4 bxc4 28. Re2 Rd8 29. Kf1 g5 30. hxg5 hxg5 31. Ke1 Kf6 32. Rd2 Rxd2 33. Kxd2 Ke5 34. Ke3 f5 35. Bc6 f4+ 36. Kd2 Bd5 37. Bb5 Bxg2 38. Bxc4 g4 39. b4 axb4 40. cxb4 Kd4 41. Be6 Bf3 42. Ke1 Ke5 43. Bc8 Kd4 44. Be6 Ke5 45. Bc8 Kd6 46. a4 e5 47. a5 Kc7 48. Be6 Kc6 49. Bc4 Be4 50. Ke2 Bf5 51. Bd3 e4 52. Bc4 Bc8 53. a6 Kb6 54. b5 Bf5 55. Ke1 Bg6 56. Be6 Bh5 57. Bf5 Be8 58. Bxe4 Bxb5 59. Bb7 Bxa6 60. Bxa6 Kxa6 61. Kd2 Kb5 62. Kd3 Kc5 63. Ke4 g3 64. fxg3 fxg3 65. Kf3 g2 66. Kxg2 1/2-1/2

[Event "Titled Tuesday intern op 10th Jan Early"]
[Site "Chess.com INT"]
[Date "2023.01.10"]
[Round "5"]
[White "Schut, Han"]
[Black "Zeman, Matyas"]
[Result "1-0"]
[WhiteElo "2101"]
[BlackElo "2294"]
[PlyCount "71"]
[EventDate "2023.01.10"]
[EventType "swiss (blitz)"]
[EventRounds "11"]
[EventCountry "USA"]
[SourceTitle "EXT 2024"]
[Source "ChessBase"]
[SourceDate "2023.10.10"]
[SourceVersion "1"]
[SourceVersionDate "2023.10.10"]
[SourceQuality "1"]

1. e4 d5 2. exd5 Nf6 3. Bb5+ Bd7 4. Be2 Nxd5 5. d4 Bf5 6. a3 e6 7. c4 Nb6 8. Nc3 Be7 9. Be3 0-0 10. Nf3 Nc6 11. 0-0 Bf6 12. Qd2 Bg4 13. Rfd1 Bxf3 14. gxf3 Ne7 15. Bd3 Nf5 16. Bxf5 Nxc4 17. Bxh7+ Kh8 18. Qd3 Nxe3 19. fxe3 g6 20. Bxg6 Rg8 21. Kh1 Rxg6 22. Rg1 Rh6 23. Ne4 Be5 24. f4 Qh4 25. Rg2 Rg8 26. Ng5 Rxg5 27. fxg5 Bxh2 28. gxh6 Bg3+ 29. Kg1 f5 30. Rf1 Kh7 31. e4 f4 32. e5+ Kxh6 33. Qe4 Qg5 34. Rxg3 Qxg3+ 35. Qg2 Qh4 36. Qh2 1-0